| 000 | 00584nam a2200181Ia 4500 | ||
|---|---|---|---|
| 999 |
_c20866 _d20866 |
||
| 003 | OSt | ||
| 005 | 20200626150647.0 | ||
| 008 | 190216s9999||||xx |||||||||||||| ||und|| | ||
| 020 | _a9788125024958 | ||
| 040 | _coclc | ||
| 082 |
_a954.035092 _bJOS/G |
||
| 100 |
_aJoseph, George Gheverghese _93289 |
||
| 245 | 0 |
_aGeorge Joseph The Life And Times Of A Kerala Christian Nationalist / _cGeorge Gheverghese Joseph |
|
| 260 |
_bOrient Longman, _c2003. _aHyderbad: |
||
| 300 | _a272p | ||
| 650 | _aHistory | ||
| 942 |
_cBK _2ddc _h954.035092 _iJOS/G _k954.035092 _mJOS/G |
||